000 00494nam a22001817a 4500
005 20171208141543.0
010 _aENG-121811
020 _a9788177113204
_c400.00
035 _aEN-105343
037 _bDBAD/PUB
082 _a881
100 _aVerma,Satish
245 _aMidnight moon /
_cby Satish Verma
260 _aJaipur
_bSahityagar
_c2012
270 _a958,Dhamani Market, Chaura Rasta,
_bJaipur
_e302003
300 _a96p.
_c22cm(Hb)
942 _2ddc
_cEN
_h881
_mVER
999 _c147918
_d147918